Manchester United : 11 du XXème siècle - Statistiques

Statistiques générales
  • Ce quiz a été pris 180 fois
  • Le résultat moyen est 8 sur 12
Statistiques - réponses
Postes Nationalités Années de passage Joueurs % Correct
Attaquant France 1992-1997 Eric Cantona
93%
Gardien Danemark 1991-1999 Peter Schmeichel
90%
Milieu Gauche Pays de Galles 1991-2014 Ryan Giggs
89%
Entraîneur Ecosse 1986-2013 Alex Ferguson
87%
Attaquant Irlande du Nord 1963-1974 George Best
82%
Milieu de terrain Irlande 1993-2005 Roy Keane
79%
Milieu de terrain Angleterre 1994-2013 Paul Scholes
75%
Défenseur Droit Angleterre 1992-2011 Gary Neville
71%
Milieu Offensif Angleterre 1956-1973 Bobby Charlton
68%
Défenseur Central Pays-Bas 1998-2001 Jaap Stam
56%
Défenseur Gauche Irlande 1990-2002 Denis Irwin
27%
Défenseur Central Angleterre 1987-1996 Steve Bruce
8%
Aucun quiz correspondant
Distribution des résultats
% des personnes avec chaque résultat
Percentile par nombre de réponses
Votre historique - résultats
Vous n’avez pas pris ce quiz